000
00317nam a22001337a 4500
020
_a
81-8022-083-4
082
_a
000
_b
PRI/GRO
100
_a
PRIORITY PUBLICATIONS
245
_a
AT THE GROCER'S
260
_a
INDIA
_b
PRIORITY PUBLICATIONS
300
_a
12
650
_a
MY LITTLE BOOK OF VOCABULARY
_z
INDIA
942
_c
BK
999
_c
4646
_d
4646